000 04286nam a2200253 4500
003 NALT
005 20250814091502.0
008 250807b th ||||| |||| 00| 0 tha d
040 _aNALT
086 _aสว 09 7.3 338.9 2567
110 2 _aสำนักงานเลขาธิการวุฒิสภา.
_bสำนักกรรมาธิการ 1.
_bกลุ่มงานคณะกรรมาธิการการเงิน การคลัง การธนาคารและสถาบันการเงิน.
_928806
245 1 0 _aสรุปผลการเดินทางไปศึกษาดูงาน ณ จังหวัดสมุทรสาคร วันศุกร์ที่ 8 พฤศจิกายน 2567 คณะกรรมาธิการการเศรษฐกิจ การเงิน และการคลัง วุฒิสภา /
_cสำนักกรรมาธิการ 1 สำนักงานเลขาธิการวุฒิสภา.
260 _aกรุงเทพฯ :
_bสำนักกรรมาธิการ 1 สำนักงานเลขาธิการวุฒิสภา,
_c2567.
300 _a39 หน้า :
_bภาพประกอบ, ตาราง, แผนภูมิ ;
_c29 ซม.
505 2 _a1. รายงานความเคลื่อนไหวด้านการลงทุนภาคอุตสาหกรรม -- 2. ผลการปฏิบัติงานของศูนย์ควบคุมการแจ้งเข้า-ออก เรือประมง (PIPO) จังหวัดสมุทรสาคร -- 3. ผลการปฏิับัติงานแผนงานยุทธศาสตร์การเกษตรสร้างมูลค่า โครงการยกระดับคุณภาพมาตรฐานสินค้าเกษตร หลักพัฒนาคุณภาพสินค้าประมงสู่มาตรฐาน -- 4. แผนงานยุทธศาสตร์ป้องกันและแก้ไขปัญหาที่มีผลกระทบต่อความมั่นคง โครงการป้องกันและแก้ไขปัญหาทำประมงผิดกฎหมาย การหลักป้องกันและแก้ไขปัญหาการทำประมงผิดกฎหมาย -- 5. ภาพรวมด้านเศรษฐกิจ ทิศทางและแนวโน้มการส่งออก-นำเข้าสินค้าในพื้นที่จังหวัดสมุทรสาคร เกี่ยวกับสินค้าประเภทอาหารทะเล -- 6. การวิเคราะห์ข้อมูลอุตสาหกรรมอาหารทะเลกระป๋องและอาหารปรุงสุก/ปรุงรส -- 7. สมมติฐานหลักในการประมาณการเศรษฐกิจจังหวัดสมุทรสาครปี 2567 และ 2568 -- 8. แรงงานในพื้นที่จังหวัดสมุทรสาคร -- ข้อสังเกตและข้อเสนอแนะในประเด็นการนำเสนอของผู้แทนหน่วยงาน.
610 2 4 _aคณะกรรมาธิการการเศรษฐกิจ การเงิน และการคลัง วุฒิสภา
_xผลงาน
_y2567
_966433
650 4 _aการพัฒนาเศรษฐกิจ
_9430
710 2 _aคณะกรรมาธิการการเศรษฐกิจ การเงิน และการคลัง วุฒิสภา.
_947155
942 _2local
_cPAR
996 _ajidapa.t
_bACQSTF
_c2025-08-07
996 _ajamriang.p
_bCATSTF
_c2025-08-13
999 _c107050
_d107050
998 _j1020
_k นางจำเรียง ระวังสำโรง